| 000 | 00898nam a2200265Ia 4500 | ||
|---|---|---|---|
| 003 | OSt | ||
| 005 | 20221002045408.0 | ||
| 006 | a|||||r|||| 00| 0 | ||
| 007 | ta | ||
| 008 | 220930b |||||||| |||| 00| 0 eng d | ||
| 020 |
_a9781442262676 (hbk) _cUKP 60.00 |
||
| 024 | _a29209 | ||
| 037 |
_b1329, 06/03/2017, Bright Book Service _cReference Collections |
||
| 040 |
_aCRL _cCRL _beng |
||
| 041 |
_2eng _aeng |
||
| 082 | _aP:795:f, Q6(RR) | ||
| 100 |
_aConte Marisa L. Ed. _9570464 |
||
| 245 | 0 |
_aTranslating expertise _b librarian's role in translational research |
|
| 260 |
_aLanham _bRowman and Littlefield Maryland _c2016 |
||
| 300 |
_ax,270p. _ccm. |
||
| 650 | _a TRANSLATING AND INTERPRETING | ||
| 650 | _aLIBRARY SCIENCE | ||
| 942 |
_hP:795:f, Q6(RR) _cref _2CC |
||
| 999 |
_c912279 _d912279 |
||